| 000 | 00953nam a2200301 a 4500 | ||
|---|---|---|---|
| 005 | 20200104041518.0 | ||
| 008 | 140226b1996 sz ||||| |||| 00| 0 eng d | ||
| 040 |
_aCO-BoIAVH _cCO-BoIAVH |
||
| 041 | _aeng | ||
| 044 | _asz | ||
| 090 |
_aLB _b01124 |
||
| 100 |
_aKimball, Lee A. _910983 |
||
| 245 |
_aPossibilities of international law for sustainable use of marine and coastal biodiversity _bprepublication draft |
||
| 260 |
_aGland _bIUCN _c1996 |
||
| 300 | _a48 p. | ||
| 650 |
_aUso sostenible _9344 |
||
| 650 |
_aBiodiversidad _992204 |
||
| 650 |
_aEcosistemas marinos _944919 |
||
| 650 |
_aEcosistemas costeros _944920 |
||
| 650 |
_aLegislación ambiental _944921 |
||
| 650 |
_aInvestigación científica _944922 |
||
| 650 |
_aMonitoreo ambiental _944923 |
||
| 650 |
_aUso de biodiversidad _9343 |
||
| 650 |
_aConvenios internacionales _93879 |
||
| 700 |
_aWaugh, John D. _910990 |
||
| 700 |
_aKearns, Shannon _910991 |
||
| 942 |
_cINFORME _2z |
||
| 999 |
_c1135 _d1135 |
||